Top 12 Best Selling Car Companies in Canada - Statistics

General Stats
  • This quiz has been taken 49 times
    5 since last reset
  • The average score is 10 of 12
Answer Stats
Order Answer % Correct
3 Chevrolet
100%
2 Ford
100%
5 Honda
100%
4 Hyundai
100%
8 Kia
100%
6 Nissan
100%
1 Toyota
100%
9 Mazda
80%
10 Subaru
80%
11 Volkswagen
80%
7 GMC
60%
12 RAM
40%
No matching quizzes found
Score Distribution
Percent of People with Each Score
Percentile by Number Answered
Your Score History
You have not taken this quiz since the last reset